[Event "WchT 6th"]
[Site "Beersheba"]
[Date "2005.11.03"]
[Round "3.4"]
[White "Pantsulaia, Levan"]
[Black "Bareev, Evgeny"]
[Result "0-1"]
[WhiteElo "2578"]
[BlackElo "2675"]
[Annotator "Ribli,Z"]
[PlyCount "122"]
[EventDate "2005.11.01"]
[EventType "team-tourn"]
[EventRounds "9"]
[EventCountry "ISR"]
[SourceTitle "CBM 110"]
[Source "ChessBase"]
[SourceDate "2006.01.31"]
[SourceVersion "1"]
[SourceVersionDate "2006.01.31"]
[SourceQuality "1"]
[WhiteTeam "Georgia"]
[BlackTeam "Russia"]
[WhiteTeamCountry "GEO"]
[BlackTeamCountry "RUS"]

1. Nf3 d5 2. c4 c6 3. g3 dxc4 {Diese Spielweise von Schwarz ist in der letzten
Zeit besonders populär geworden. Die schwarze Strategie ist einfach: er nimmt
auf c4 und möchte dann seinen Damenflügel mit b7-b5, Bb7, Nd7 entwickeln.} 4.
Bg2 e6 5. O-O (5. a4 Na6 $5 6. Qc2 Nb4 7. Qxc4 Qd5 8. Qc3 Nf6 9. d3 Na2 10. Qc2
Nxc1 11. Qxc1 Bb4+ 12. Nc3 O-O 13. O-O Qa5 14. Nd2 e5 15. Nc4 Qc7 {0-1 Kuzmicz,
K-Kruppa,Y/Cappelle la Grande 2005/(42)}) 5... b5 6. d3 $146 {[%mdl 4] Mit
diesem Zug öffnet Weiß die Stellung, um seinen Entwicklungsvorteil zu nutzen.}
(6. a4 Bb7 7. b3 cxb3 8. Qxb3 a6 (8... b4 9. d4 a5 10. Ne5 Nf6 11. Rd1 Be7 12.
Na3 O-O 13. Nac4 Nd5 14. Bb2 Na6 15. Rac1 Rc8 16. e4 Nf6 17. Qe3 Qc7 18. Nd3
$44 {1/2-1/2 Solak,D-Stojanovic,M/Herceg Novi 2001/(46)}) 9. d4 (9. Ne5 Nf6 $5
(9... Qc7 $6 10. d4 Nd7 11. Bf4 Nxe5 12. Bxe5 Qd7 13. axb5 cxb5 14. Bxb7 Qxb7
15. Rc1 $44 {1-0 Stocek,J-Geller,J/Sautron 2003/EXT 2005 (28)}) 10. axb5 axb5
11. Rxa8 Bxa8 12. Ba3 Bd6 13. d4 O-O 14. e3 b4 15. Bb2 Nfd7 16. f4 Bxe5 17.
fxe5 Na6 18. Qa4 Qb6 {0-1 Eljanov,V-Huzman,A/Ashdod 2003/(40)}) 9... Nf6 10.
Nc3 Nbd7 11. Rd1 b4 12. Bg5 Qb8 13. Na2 c5 $13 {0-1 Kovalev,D-Arzumanian,G/
Alushta 1999/EXT 2001 (36)}) 6... cxd3 7. Ne5 Bb7 8. a4 (8. Nxd3 Nd7 9. Nc3 a6)
8... b4 (8... bxa4 9. Nxd3 $14) (8... Bd6 9. Nxd3 $44) 9. a5 {[%csl Ga5] Nach
diesem Zug muss Schwarz immer mit a5-a6 rechnen.} (9. Nxd3) 9... Ne7 {Dieser
Springerzug ist etwa unnatürlich, aber aufgrund von 10.a6 muss Schwarz den
c6-Bauern verteidigen.} (9... Nf6 $2 10. a6 $1 Nxa6 11. Rxa6 Bxa6 12. Bxc6+ Ke7
13. Qa4 dxe2 14. Re1 $18) 10. Nxd3 Na6 {Schwarz verteidigt den b4-Bauern und
gleichzeitig blockiert er den gegnerischen a-Bauern.} 11. Qa4 Nd5 12. Rd1 {
[%cal Gd1d8]} (12. e4 Ne3 (12... Nf6) 13. Bxe3 Qxd3 14. Rd1 Qb5 15. Qc2 (15.
Qxb5 cxb5 16. Bf1 Nc7 17. Bf4 Rc8 18. Nd2 a6 19. Rac1 Na8 $15) 15... c5 16. Nd2
Be7 17. Nc4 O-O 18. Nd6 Bxd6 19. Rxd6 c4 $15) 12... Qc8 13. e4 $44 {Weiß
verfügt über ein gutes Figurenspiel und Kompensation für den Bauern.} Nf6 14.
Bd2 {[%csl Rb4]} (14. Bg5 $5) 14... Be7 15. Bxb4 Nxb4 16. Nxb4 O-O 17. Rc1 {
[%csl Rc6]} (17. a6 Bxb4 18. Qxb4 (18. axb7 Qxb7) 18... Bxa6 19. Nc3 c5 20. Qa5
Bb7 $15) (17. Nc3) 17... Rb8 $1 {[%cal Gb8b2]} (17... c5 $2 18. a6 $18) 18.
Nxc6 Bxc6 19. Rxc6 Qd7 {Weiß hat einen Bauern mehr, aber die schwarze Stellung
ist sicher; sein Turm steht aktiv auf b8.} 20. e5 Rb4 21. Qc2 Nd5 $11 {[%csl
Gd5]} 22. Nd2 (22. Na3 Rxb2) 22... Rxb2 {Auf diese Weise gewinnt Schwarz den
Bauern zurück.} 23. Qxb2 Qxc6 24. Rc1 Qd7 {[%csl Ya5,Ye5] Die Bauernstellung
ist zwar symmetrisch, aber die weißen a5- und e5-Bauern sind potenzielle
Schwächen, während der d5N gut positioniert ist.} 25. Qd4 Rd8 26. Bxd5 (26. Nb3
$11) 26... Qxd5 27. Qxd5 Rxd5 28. Rc8+ (28. Rc7 $2 Bd8 $17) 28... Bf8 {[%mdl
4096]} 29. Nc4 (29. Ne4 Rxe5 $19) 29... Rc5 $1 {Auf diese Weise tauscht
Schwarz die Türme.} 30. Rxc5 Bxc5 {[%csl Ra5,Gc5,Re5][%cal Gg8f8,Gf8e7,Ge7d7]
Der schwarze Läufer ist stark, da alle weißen Bauern auf den schwarzen Feldern
stehen.} 31. Kf1 Kf8 32. Ke2 Ke7 33. f4 {Weiß muss so spielen, sonst kann er
seinen König nicht aktivieren.} Kd7 $15 34. h3 (34. Kd3 Kc6 $15 (34... Bg1 35.
Ke2 Kc6 (35... Bxh2 36. Kf2) 36. Nd6 f6 37. exf6 gxf6 38. Ne4)) 34... Kc6 35.
Kd3 Kd5 {[%csl Gc5,Gd5] Die schwarzen Figuren stehen aktiver, hingegen besitzt
der c4N keine Perspektiven.} 36. g4 g6 37. Nd2 (37. g5 Bb4 $17) 37... g5 $1 $17
{Mit diesem Zug verschlechtert Schwarz die gegnerische Bauernstruktur.} 38.
fxg5 Kxe5 39. Ne4 (39. Nb3 Ba3 $17) 39... Bb4 40. Nf6 (40. a6 Kf4 $17) 40...
Bxa5 41. Nxh7 Bd8 {[%csl Gd8,Rh7][%cal Ga7a5] Der h7N steht weit entfernt vom
Hauptkriegsschauplatz. Der schwarze enfernte a-Freibauer ist stark.} 42. h4 Kf4
{[%csl Rg4,Rg5,Rh4] Alle weißen Bauern sind schwach.} 43. g6 (43. h5 Bxg5 $19)
43... fxg6 44. Nf8 Kxg4 45. Nxg6 (45. Nxe6 Bxh4 $19) 45... Bxh4 $19 {Mit zwei
Bauern mehr steht Schwarz auf Gewinn, aber wegen des reduzierten Materials
muss er noch vorsichtig sein.} 46. Ke4 Kg5 47. Ne5 Bg3 48. Nc6 a6 (48... Bf2 $2
49. Nxa7 Bxa7 50. Ke5 $11) 49. Nd8 Kf6 {[%csl Ge6,Gf6,Gg3] Schwarz hat ein
gewonnenes Endspiel; Weiß kann praktisch nur warten.} 50. Nb7 (50. Kd4 Ke7 (
50... Bf2+) 51. Nc6+ Kd6 52. Nb4 a5 $19) 50... Bf2 51. Na5 Be1 52. Nc4 a5 53.
Nb6 Ke7 54. Ke5 Bc3+ 55. Ke4 Kd6 56. Nc4+ Kc6 (56... Kc5 $2 57. Nxa5 Bxa5 58.
Ke5 $11) 57. Kd3 Bb4 58. Kd4 a4 {Der a-Bauer entscheidet die Partie.} 59. Ke5
Kc5 60. Ne3 a3 61. Kxe6 a2 (61... a2 62. Nc2 Kc4 $19) 0-1

[Event "Terrassa"]
[Site "Terrassa"]
[Date "1990.??.??"]
[Round "3"]
[White "Pomes Marcet, Juan"]
[Black "Magem Badals, Jordi"]
[Result "1/2-1/2"]
[WhiteElo "2420"]
[BlackElo "2460"]
[Annotator "Ribli,Z"]
[PlyCount "66"]
[EventDate "1990.04.??"]
[EventType "tourn"]
[EventRounds "11"]
[EventCountry "ESP"]
[EventCategory "11"]
[SourceTitle "CBM 019"]
[Source "ChessBase"]
[SourceDate "1990.12.01"]
[SourceVersion "1"]
[SourceVersionDate "1990.12.01"]
[SourceQuality "1"]

1. Nf3 d5 2. c4 e6 3. b3 Nf6 4. Bb2 a5 5. Nc3 (5. e3 a4 6. bxa4 Nbd7 7. Nc3 Be7
8. Qc2 O-O 9. d4 Bb4 10. cxd5 exd5 11. Bd3 Re8 12. O-O c6 $13 {Spraggett,
K-Ehlvest,J Clermont-Ferrand 1989 CBM 14}) 5... c6 (5... d4 6. Nb5 c5 7. g3 Nc6
8. Bg2 Be7 9. O-O O-O 10. d3 e5 $13) 6. e3 Bd6 7. d4 O-O 8. Be2 Nbd7 9. O-O Qe7
10. Qc2 dxc4 11. bxc4 (11. Bxc4 $5) 11... e5 12. Rfe1 Re8 13. Rad1 h6 14. Nd2
exd4 15. exd4 Nf8 16. h3 N8h7 17. Nf3 Ng5 18. Nxg5 hxg5 19. Kf1 Qc7 20. Bd3 Bd7
21. Bf5 g4 22. Ne4 Nxe4 23. Rxe4 Bxf5 24. Rxe8+ Rxe8 25. Qxf5 gxh3 26. Qxh3 Qe7
27. Qf3 Qh4 28. g3 Qh3+ 29. Kg1 Re6 30. d5 cxd5 31. cxd5 Rg6 32. Rd3 b5 33. Qe4
Qd7 {Ribli} 1/2-1/2

[Event "Olympiad-34"]
[Site "Istanbul"]
[Date "2000.11.04"]
[Round "7.2"]
[White "Bruzon Batista, Lazaro"]
[Black "Pavasovic, Dusko"]
[Result "1-0"]
[WhiteElo "2534"]
[BlackElo "2523"]
[Annotator "Ribli,Z"]
[PlyCount "97"]
[EventDate "2000.10.28"]
[EventType "team-swiss"]
[EventRounds "14"]
[EventCountry "TUR"]
[SourceTitle "EXT 2001"]
[Source "ChessBase"]
[SourceDate "2000.11.22"]
[SourceVersion "1"]
[SourceVersionDate "2000.11.22"]
[SourceQuality "1"]
[WhiteTeam "Cuba"]
[BlackTeam "Slovenia"]
[WhiteTeamCountry "CUB"]
[BlackTeamCountry "SLO"]

1. c4 e6 2. Nf3 d5 3. b3 Nf6 4. Bb2 c5 5. g3 $6 {Meiner Meinung nach ist
dieser Zug nicht die beste Fortsetzung für Weiß. Die Alternative 5.e3 scheint
mir aussichtsreicher.} (5. e3 $142 $5 Nc6 6. cxd5 (6. Be2 $6 d4 $15) 6... exd5
7. Bb5 (7. Be2) (7. d4)) 5... Nc6 6. Bg2 d4 {Schwarz hat spürbar Raumvorteil
im Zentrum. Der Bb2 steht passiv.} 7. O-O (7. d3 e5 (7... Bd6 8. Nbd2 h6 9. O-O
O-O 10. Re1 e5 11. h3 Re8 12. Qc2 Nb4 13. Qb1 Bd7 14. a3 Nc6 15. Nh2 Qc8 16. g4
h5 {0-1 Akbaev,K-Pridorozhni,A/Kolontaevo 1998/EXT 2000 (26)}) 8. O-O Bd6 9. e4
h6 10. Nbd2 g5 11. Ne1 Bg4 12. f3 Be6 13. Rf2 h5 14. Nf1 h4 15. Bc1 Nh5 16. g4
Nf4 {0-1 Bathie,N-Mikhalevski,V/Mamaia 1991/CBM 25 ext (54)}) 7... Bd6 $6 (7...
e5 $15 {Dieser Zug wäre logisch, denn nach 8.e3 kann Schwarz z.B. 8...Be7
ziehen.}) 8. e3 e5 9. exd4 cxd4 {Wir haben eine Stellung für die
Benoni-Verteidigung typische Stellung vor uns. Schwarz verfügt über ein
starkes Bauernzentrum, aber in dieser asymmetrischen Stelluing bekommt Weiß
seine Gegenchancen am Damenflügel.} (9... exd4 10. Re1+ Be7 11. d3 $11) 10. d3
O-O 11. Ba3 {Eine gute Idee - Weiß verliert zwar Zeit mit diesem Läuferzug 
(erst Bb2 und dann Ba3), aber da der Bb2 passiv ist, möche Weiß ihn abtauschen.
} (11. Na3) 11... Re8 12. Re1 Bf5 (12... Bg4 $11) 13. Nh4 Bg4 14. Qc1 Bxa3 $6 {
Dieser Läufertausch aus freien Stücken gefällt mir nicht. In der Folge hat
Weiß keine Probleme, seine Entwicklung zu beenden.} (14... Rc8 $5) 15. Nxa3 $11
Qa5 $6 (15... Rc8) 16. h3 Bd7 17. Nb5 {[%csl Gb5][%cal Gb5d6]} Nb4 {Dieser Zug
scheint zunächst sehr stark, in Wirklichkeit aber bekommt Weiß dadurch gute
Gegenchancen.} 18. Qd2 {[%cal Gd2a5]} Bxb5 19. cxb5 Qxb5 20. Nf5 $44 {[%csl
Gf5,Gg2][%cal Gd2g5,Gd2b4][%mdl 2048] Weiß hat einen Bauern weniger, aber sein
Figurenspiel ist gefährlich. Der "Benoni-Läufer" steht aktiv auf der großen
Diagonale.} Re6 $4 {[%mdl 8192]} (20... Qxd3 $1 21. Qg5 g6 22. Nh6+ Kg7 23.
Rad1 Qa6 {[%cal Ga6f6]} 24. Nf5+ Kg8 (24... Kh8 $2 25. Bxb7 $18) 25. Nh6+ $11)
21. Qg5 $1 {[%cal Rg5g7,Rf5d4,Gg5b5]} g6 $2 (21... Ne8 $8 22. Nxd4 h6 23. Qh5
g6 24. Nxb5 gxh5 $16) {[#]} 22. Nxd4 $18 {[%cal Gg5b5,Rd4b5,Rd4e6]} h6 {
Diese Fortsetzung hilft Schwarz nicht. - Würden Mannschaftskämpfe nicht ihren
eigenen ungeschriebenen Gesetzen unteliegen, dann hätte der slowenische
Großmeister die Partie hier schon aufgegeben.} 23. Nxb5 (23. Qxf6 $1 Rxf6 (
23... exd4 24. Rxe6 fxe6 25. Qxg6+ $18) 24. Nxb5 Nc2 25. Rac1 $18) (23. Qxh6
exd4 24. Rxe6 fxe6 25. Qxg6+ $18) 23... hxg5 24. Nc7 {[%cal Rc7a8,Rc7e6] Auf
diese Weise gewinnt Weiß eine Qualität.} Rae8 25. Red1 {Weiß muss sich nicht
beeilen - er verteidigt zuerst einmal den Pd3.} R8e7 26. Nxe6 Rxe6 27. Bxb7 {
Weiß hat die Qualität und einen Bauern mehr. Seine Stellung ist klar gewonnen.}
Rd6 28. Be4 a5 (28... g4) 29. Kf1 g4 30. hxg4 (30. h4 $18) 30... Nxg4 31. Rd2 {
Wei bereitet den Zug 32.a3 vor - der Springer kann nicht nach c2 ziehen.} (31.
Rac1 $5 Nxa2 32. Rc8+ Kg7 33. Ra1 Nb4 34. Rxa5 $18) 31... f5 32. a3 fxe4 (32...
Na6 33. Bg2 $18) 33. axb4 axb4 34. Ke2 Rf6 35. dxe4 Rxf2+ 36. Kd3 Rf3+ 37. Kc4
{Der aktive weiße König erobert den Pb4, wonach der Gewinn noch einfacher wird.
} Kg7 38. Rd3 (38. Kxb4 $18) 38... Rf7 39. Kxb4 Nf2 40. Re3 Rd7 41. Kc5 Rd2 42.
b4 {[%csl Gb4] Der Freibauer auf der b-Linie führt ganz einfach zum Gewinn.}
Rc2+ 43. Kb5 (43. Kb6 Rc4) 43... Kh6 44. Ka6 Rc4 45. b5 Nxe4 46. b6 Nc5+ 47.
Kb5 Rc2 48. Rxe5 Nd7 49. Rh1+ (49. Rh1+ Kg7 50. Re7+ $18 {[%cal Re7d7,Re7g7]})
1-0

[Event "EU-ch 4th"]
[Site "Istanbul"]
[Date "2003.06.10"]
[Round "10"]
[White "Lputian, Smbat G"]
[Black "Galkin, Alexander"]
[Result "0-1"]
[WhiteElo "2638"]
[BlackElo "2591"]
[Annotator "Ribli,Z"]
[PlyCount "90"]
[EventDate "2003.05.30"]
[EventType "swiss"]
[EventRounds "13"]
[EventCountry "TUR"]
[SourceTitle "CBM 096"]
[Source "ChessBase"]
[SourceDate "2003.09.25"]
[SourceVersion "1"]
[SourceVersionDate "2003.09.25"]
[SourceQuality "1"]

1. Nf3 d5 2. c4 e6 3. e3 {Dieser genügsame Zug bietet Weiß keine Chancen auf
Eröffnungsvorteil. Die gewöhnlichen Züge - 3.g3 und hauptsächlich 3.d4 -
scheinen chancenreicher.} (3. b3 Nf6 4. Bb2 b6 5. g3 Bb7 6. Bg2 Bd6 7. cxd5
exd5 8. Nh4 O-O 9. Nf5 Bc5 10. d4 Bb4+ 11. Bc3 a5 12. a3 Bxc3+ 13. Nxc3 g6 14.
Ne3 c6 {1-0 Poluljahov,A-Galkin,A/Krasnodar 2002/CBM 91 (38)}) 3... Nf6 4. b3
b6 5. Bb2 Bb7 6. Nc3 (6. Be2 Nbd7 7. O-O Be7 8. d4 O-O 9. Nbd2 c5 10. Ne5 cxd4
11. Bxd4 Nc5 12. cxd5 exd5 13. Rc1 Bd6 14. Ndf3 Qe7 {1/2-1/2 Miloradovic,
J-Skripchenko Lautier,A/Herceg Novi 2001/CBM 82 ext (32)}) 6... Nbd7 7. Rc1 {
Mit diesem Turmzug vermeidet Weiß die theoretische Hauptlinie. Nach meiner
Meinung wäre es besser, mit 7.d4 zur Damenindischen Verteidigung (1.d4 Nf6 2.
c4 e6 3.Nf3 b6), 4.e3-Variante überzugehen.} (7. d4 {->E14}) 7... dxc4 $5 {
Auf diese Weise strebt Schwarz zu Stellungen, die typisch für das Angenommene
Damengambit sind.} (7... c5 8. cxd5 exd5 9. d4 Bd6 10. Bd3 O-O 11. O-O Qe7 12.
Qe2 Rad8 13. Ba6 Ba8 14. Rfd1 Ne4 {1/2-1/2 Makarichev,S-Aleksandrov,A/Moscow
1991/URS-ch (25)}) 8. Bxc4 (8. bxc4 c5 $11) 8... a6 9. a4 (9. d4 b5 $11) 9...
Bd6 (9... c5 $11) 10. d4 O-O 11. O-O Qe7 $11 12. d5 {Mit diesem
Zentrumdurchbruch möchte Weiß hauptsächlich die Diagonale des b2-Läufers
öffnen.} (12. Qe2 {[%cal Ge3e4]} e5 $11 (12... c5 $11)) 12... exd5 (12... e5 $6
13. e4 $14) 13. Nxd5 Nxd5 14. Bxd5 Bxd5 15. Qxd5 Nc5 {[%csl Rb3,Gc5] Nach
Vereinfachungen haben wir eine asymmetrische Stellung, in der Schwarz bequemes
Spiel hat. Sein c5N steht ausgezeichnet und der b3P ist eine ewige pozentielle
Schwächung.} 16. Rc4 {[%cal Gc4h4] Weiß spielt auf Angriff am Königsflügel. Es
wäre vorsichtiger den c5-Springer zu tauschen.} (16. Bd4 Rad8 17. Bxc5 Bxc5 $11
) 16... Rad8 17. Qh5 f5 $1 {[%csl Ye4][%cal Gc5e4][%mdl 256] Ein guter
Verteidigungszug - Schwarz verhindert die Möglichkeit 18.Rg4 und seine
positionelle Drohung ist Ne4.} 18. Rh4 g6 19. Qh6 Ne4 $15 {[%csl Ge4,Rh4] Der
Springer kontrolliert die wichtigsten Punkte und der h4R steht schlecht. Weiß
hat nur scheinbar Angriff.} 20. h3 Rd7 21. g3 Qf7 {[%cal Rf7b3]} 22. g4 {
Gut oder schlecht (ich glaube schlecht) - Weiß strebt nach Gegenspiel und
möchte im Trüben fischen.} Qxb3 $6 {Auf diese Weise gewinnt Schwarz einen
Bauern. Diese Entscheidung ist nicht schlecht, aber die Alternative bietet
Schwarz viel bessere Aussichten.} (22... f4 $1 $17 {[%cal Gf8f1]}) 23. gxf5
Qxb2 (23... Rxf5 24. Rxe4 Rxf3 $17) 24. Rxe4 gxf5 (24... Rxf5) 25. Qe6+ Rdf7 (
25... Kh8 26. Qxd7 Rg8+ (26... fxe4 27. Ng5 Qg7 $8 28. Qxg7+ Kxg7 29. Ne6+ $16)
27. Rg4 fxg4 28. hxg4 Qf6 $17) 26. Rd4 Kh8 {[%csl Gh8]} 27. Re1 f4 $1 28. exf4
Bxf4 (28... Re7 $17) 29. Qe2 Qxe2 30. Rxe2 Bd6 {[%cal Rf8f2]} 31. Ne5 (31. Re3
Bc5 $19) (31. Ne1 b5 $17) 31... Bxe5 32. Rxe5 Rxf2 {[%mdl 4096] Jetzt hat
Schwarz schon zwei Bauern mehr. Gewöhnlich hat der Verteidiger einige
Rettungschancen in Turmendspielen, aber hier entscheidet die schwarze
Bauernmehrheit am Damenflügel die Partie.} 33. Re7 R2f7 34. Rdd7 Rxe7 35. Rxe7
Rf4 $19 36. a5 (36. Rxc7 Rxa4 $19 {[%csl Ga6,Gb6]}) 36... Ra4 (36... bxa5 $6
37. Rxc7 $17) 37. Rxc7 Rxa5 38. Rb7 Rb5 (38... b5 $19) 39. Ra7 a5 40. Kf2 Kg8 {
[%cal Gg8f8,Gf8e8,Ge8d8,Gd8c8,Gc8b8]} 41. h4 h5 42. Ke3 Kf8 43. Kd3 Ke8 44. Rg7
Kd8 45. Kc3 Rb4 0-1

[Event "Bundesliga 0506"]
[Site "Germany"]
[Date "2006.03.12"]
[Round "13.7"]
[White "Jackelen, Thomas"]
[Black "Nyback, Tomi"]
[Result "1/2-1/2"]
[WhiteElo "2454"]
[BlackElo "2563"]
[Annotator "Ribli,Z"]
[PlyCount "104"]
[EventDate "2005.10.21"]
[EventType "team-tourn"]
[EventRounds "15"]
[EventCountry "GER"]
[SourceTitle "CBM 112"]
[Source "ChessBase"]
[SourceDate "2006.06.07"]
[SourceVersion "1"]
[SourceVersionDate "2006.06.07"]
[SourceQuality "1"]
[WhiteTeam "Godesberg"]
[BlackTeam "Werder Bremen"]
[WhiteTeamCountry "GER"]
[BlackTeamCountry "GER"]

1. Nf3 Nf6 2. c4 e6 3. g3 a6 {Das ist eine Lieblingsvariante von GM Romanishin.
} 4. b3 c5 5. Bg2 b5 6. Nc3 bxc4 7. bxc4 Bb7 8. Rb1 Bc6 9. O-O Be7 10. Re1 (10.
Qc2 O-O $6 (10... d6 $142 11. e4 e5 {Weiß hat eine aktive Stellung, denoch
sollte Schwarz mit dieser Variante fortsetzen.}) 11. e4 $16 d6 (11... Ra7 12.
d4 cxd4 13. Nxd4 Ba8 14. Rd1 Ng4 (14... Qc7 $5) 15. Qe2 Ne5 16. f4 Nec6 17. Nb3
$16 {. 1-0 Kortschnoj,V-Tisdall,J/Copenhagen 1996/CBM 54/[Ribli] (26)}) 12. d4
cxd4 13. Nxd4 Qc8 14. Rd1 Nfd7 15. Nd5 $1 exd5 (15... Bd8 16. Ba3 Nc5 17. Nb6
Bxb6 18. Rxb6 Ba4 19. Nb3 $16) 16. exd5 Bb7 17. Nf5 Re8 18. Bf4 $1 $18 {
1-0 Tregubov,P-Tunik,G/St.Petersburg 1996/EXP 56/[Notkin] (32)}) 10... d6 (
10... O-O 11. e4 d6 12. d4 cxd4 13. Nxd4 $16 {ץc6}) 11. e4 Ra7 $6 {[%cal
Ga7d7]} (11... e5 12. d3 O-O 13. Re2 (13. Nh4 g6 14. Bh6 Re8 15. Bh3 Nbd7 16.
Qd2 Nf8 17. Bxf8 Bxf8 18. Rb3 Nh5 {1/2-1/2 Priehoda,V-Chiburdanidze,M/Batumi
2002/398 (22)}) 13... Bd7 14. Reb2 Nc6 15. Nd2 Nd4 16. Nf1 Bc6 17. Ne3 Qd7 18.
Ned5 Bd8 19. Qf1 $36 {1-0 Dizdarevic,E-Cebalo,M/Jugoslavija (ch) /Budva/1986/})
12. d4 cxd4 13. Nxd4 Bd7 {Mit diesem Zug ist eine spezielle Igelstellung
erreicht, in der der weiße Isolani auf c4 bedeutungslos ist, da Weiß über
großen Entwicklungsvorteil und aktives Figurenspiel verfügt} (13... O-O $2 14.
Rxb8 $18) 14. Nb3 Rc7 15. c5 $1 {Mit diesem temporären Bauernopfer erhält Weiß
die Initiative.} dxc5 (15... O-O 16. cxd6 Rxc3 (16... Bxd6 17. Qxd6 Rxc3 18.
Ba3 $16) 17. Ba3 $16) 16. e5 {[%csl Rf6]} Nd5 (16... Ng8 $2 17. Ne4) 17. Bxd5
$1 {Weiß tauscht seinen g2-Läufer, um seinem Springer auf d5 ein starkes Feld
zu verschaffen.} (17. Nxd5 exd5 18. Bxd5 O-O $14) 17... exd5 18. Nxd5 {[%csl
Gd5][%cal Rd5c7,Rd5f6] Der Springer dominiert auf dem Brett; es "hängt" der
Turm auf c7 und droht 19.Nf6+.} Rc8 (18... Rc6 19. Na5 (19. Nxe7 Qxe7 20. Nxc5)
19... Qxa5 20. Rxb8+ Rc8 21. Rxc8+ Bxc8 22. Nxe7 $18) {[#]} 19. Nf6+ {[%csl
Re8,Gf6][%cal Ge1e8] Ein schöner Zug, wonach Weiß direkten Angriff gegen den
schwarzen König erhält.} (19. Ba3 O-O 20. Nxe7+ Qxe7 21. Nxc5 Rxc5 22. Qd4 $18)
19... gxf6 (19... Kf8 20. Nxc5 $1 gxf6 21. Rxb8) 20. exf6 {[%csl Re7,Re8][%cal
Re1e8]} Be6 21. Qh5 $1 {[%csl Re6][%cal Gh5e8,Re1e8][%mdl 128]} Nd7 (21... Bxf6
22. Rxe6+ Be7 23. Bg5 Nc6 24. Rbe1 Rc7 25. Rxc6 $18) 22. fxe7 (22. Rxe6 Nxf6
23. Rxf6 Bxf6 24. Bh6 $44) (22. Bb2 $1 Nxf6 23. Bxf6 Bxf6 24. Rxe6+ Kf8 25.
Nxc5 $18) 22... Kxe7 (22... Qxe7 23. Bg5 Qd6 24. Rbd1 $18) 23. Bg5+ $18 {
[%csl Re7,Gg5,Gh5] Bei materiellem Gleichgewicht besitzt Weiß siegreichen
Angriff.} f6 24. Be3 (24. Rbd1 $1 {[%cal Rd1d8,Re1e7]} fxg5 25. Qxg5+ Kf7 26.
Qh5+ Ke7 27. Qd5 $18) 24... Qe8 25. Qe2 Kf7 26. Qh5+ Ke7 27. Qe2 Kf7 28. Rbc1 (
28. Nxc5 $1 Nxc5 29. Bxc5 Rxc5 30. Rb7+ Kg6 (30... Bd7 31. Qd2) 31. Qe4+ $18)
28... Ne5 29. Qh5+ $2 {Dieser Zug führt zum Damentausch, wonach sich Schwarz
erfolgreich verteidigen kann. Es wäre besser für Weiß, die Damen auf dem Brett
zu halten.} (29. Rxc5 $16) 29... Kg8 30. Qxe8+ Rxe8 31. Red1 $14 {[%csl Rc5]
Der schwarze c-Bauer ist schwach, aber mit reduziertem Material erhöht sich
auch die Chance auf Remis.} c4 32. Nc5 Kf7 33. Bf4 Nd3 34. Nxd3 cxd3 35. Rxd3
Rc8 36. Rxc8 Rxc8 37. Ra3 {[%mdl 4096] Weiß hat einen Bauern mehr im Endspiel,
aber wegen ungleichfarbige Läufer kann er die Partie kaum gewinnen.} Rc6 38.
Kg2 Bd5+ (38... Rc2 39. Rxa6 Rxa2 $11) 39. Kh3 Be6+ 40. Kh4 Kg6 (40... Rc2 41.
Rxa6 Rxa2 $11) 41. g4 Rb6 42. Kg3 h5 $11 {Der weiße Mehrbauer hat nur
theoretische Bedeutung. Schwarz kann das Gleichgewicht halten.} 43. h3 hxg4 44.
hxg4 Rc6 45. Ra5 Bc4 46. Be3 Bb5 47. a4 (47. f3 Rc4 48. Ra3 Ra4 $11) 47... Bc4
48. Rh5 Be6 49. Ra5 Bb3 50. g5 fxg5 51. Rxg5+ Kf7 52. a5 Rg6 1/2-1/2